Enrichir son vocabulaire #10 - Statistiques

Statistiques générales
  • Ce quiz a été pris 26 fois
  • Le résultat moyen est 3 sur 10
Statistiques - réponses
Définition Réponse % Correct
V. Prendre des manières affectées pour attirer l'attention, plaire, séduire. M{inauder}
83%
N. m. Retour brutal des vagues sur elles-mêmes, lorsqu'elles ont frappé un obstacle. R{essac}
78%
V. Flatter bassement, avec insistance. F{lagorner}
43%
N.f. Disposition morale qui incline à la douceur, la patience, au pardon. M{ansuétude}
43%
Adj. Qui aime à rire, à plaisanter. B{adin}
30%
Adj. Qui est carré, trapu et vigoureux ; ramassé. R{âblé}
26%
Adj. Qui est trop long, diffus, chargé de détails inutiles, qui se perd en développements superflus. P{rolixe}
17%
Adj. Qui exprime des banalités avec pompe, emphase, grandiloquence. A{mpoulé}
9%
N. f. Pitié que l’on ressent pour ceux qui sont dans le malheur ; compassion. C{ommisération}
9%
Adj. Se dit de quelqu'un qui est à la fois maigre et grand ; étique. E{fflanqué}
9%
Aucun quiz correspondant
Distribution des résultats
% des personnes avec chaque résultat
Percentile par nombre de réponses
Votre historique - résultats
Vous n’avez pas pris ce quiz